Fomula 1 drivers with most second positions - Statistics

General Stats
  • This quiz has been taken 223 times
  • The average score is 21 of 39
Answer Stats
2nd places Driver % Correct
53 Hamilton
97%
26 Verstappen
91%
43 Schumacher
90%
36 Vettel
90%
37 Alonso
88%
23 Senna
88%
29 Bottas
87%
35 Prost
86%
37 Raikkonen
78%
25 Rosberg
77%
10 Pérez
74%
15 Button
72%
14 Hakkinen
67%
20 Lauda
67%
15 Hill
66%
15 Hill
66%
10 Fangio
64%
16 Webber
64%
13 Massa
63%
29 Barrichello
61%
17 Mansell
60%
20 Piquet
56%
13 Fittipaldi
51%
11 Stewart
48%
26 Coulthard
42%
14 Scheckter
35%
15 Montoya
33%
17 Berger
32%
10 Brabham
32%
16 Alesi
29%
10 Surtees
29%
17 Patrese
24%
11 McLaren
23%
13 Reutemann
21%
13 Regazzoni
18%
10 Peterson
17%
10 Laffite
16%
10 Cevert
9%
10 Depailer
0%
No matching quizzes found
Score Distribution
Percent of People with Each Score
Percentile by Number Answered
Your Score History
You have not taken this quiz